Estadísticas para Países por Imagen de Satélite Parcial #1

Haz click aquí para tomar la prueba!

Estadísticas generales

  • Esta prueba ha sido tomada 1.393 veces
    (1.387 desde el último reinicio)
  • La puntuación promedio es 10 de 15

Estadísticas de respuestas

Respuesta% Correcto
Italia
95%
Chipre
93%
Cuba
90%
Francia
85%
Turquía
82%
Filipinas
80%
Grecia
80%
Taiwán
71%
Indonesia
67%
Madagascar
66%
Canadá
62%
Rusia
58%
Alemania
47%
Panamá
36%
Irak
34%

Distribución de puntuación

Porcentaje por número respondido

Porcentaje de gente con cada puntuación

Historial de tus puntuaciones

No has tomado esta prueba desde el último reinicio